Wörterbuch der Spanischen und Deutschen Sprache
Uloženo v:
| Hlavní autoři: | , |
|---|---|
| Médium: | Kniha |
| Jazyk: | němčina španělština |
| Vydáno: |
Barcelona
Herder
1959
|
| Vydání: | 7a. ed |
| Témata: | |
| Tagy: |
Přidat tag
Žádné tagy, Buďte první, kdo vytvoří štítek k tomuto záznamu!
|
MARC
| LEADER | 00000nam a2200000 a 4500 | ||
|---|---|---|---|
| 001 | UCQ8223 | ||
| 003 | CL-VaPUC | ||
| 008 | 981209e19590000SP |||||||||||||||||ger|d | ||
| 041 | 0 | 7 | |a ger |2 CL-VaPUC |
| 041 | 0 | 7 | |a spa |2 CL-VaPUC |
| 082 | 0 | 4 | |a 433.60 |b SLA |2 21 |
| 100 | 0 | |a Slaby, Rodolfo J |e author |9 552646 | |
| 700 | 0 | |a Grossmann, Rodolfo |e author |9 552647 | |
| 245 | 1 | 0 | |a Wörterbuch der Spanischen und Deutschen Sprache |
| 246 | 1 | 0 | |a Diccionario de las lenguas española y alemana |
| 250 | |a 7a. ed | ||
| 300 | |a 2 v | ||
| 942 | |c BK | ||
| 945 | |d 19981209 00:00:00 |a cmena | ||
| 260 | |a Barcelona |b Herder |c 1959 | ||
| 500 | |a v.2: Deutsch-Spanisch; Alemán-Español | ||
| 650 | 0 | |a Diccionarios |9 256200 | |
| 650 | 7 | |a TERMINOLOGIA |2 CL-VaPUC |9 254881 | |
| 650 | 0 | |a Español |9 255372 | |
| 650 | 0 | |a Alemán |9 330722 | |
| 650 | 0 | |a Glosarios |9 261047 | |
| 583 | |a last modification |c 19981209 00:00:00 |k Rodrigo Vera | ||
| 999 | |c 342537 |d 342535 | ||
| 952 | |0 0 |1 0 |4 0 |6 433_600000000000000_SLA_1959 |7 0 |8 X |9 438780 |a BIBEDU |b BIBEDU |d 2019-11-22 |h v.1 |i 1497820 |o 433.60 SLA 1959 |p 1497820 |r 2023-01-13 |w 2019-11-22 |y BK_X |k LIT | ||
| 952 | |0 0 |1 0 |4 0 |6 433_600000000000000_SLA_1959 |7 0 |8 X |9 438781 |a BIBEDU |b BIBEDU |d 2019-11-22 |h v.2 |i 1497839 |o 433.60 SLA 1959 |p 1497839 |r 2023-01-13 |w 2019-11-22 |y BK_X |k LIT | ||